LEADER 01275nam a2200265 u 4500 001 000000016572 003 CaOOAMICUS 005 20120529164805.0 008 941010s1983 it u000 u ita r 035 $a10387946 040 $aPUL$bita 041 $aita$aeng$afre 111 2 $aConvegno Nazionale di Sindonologia$n(2 :$d1981 :$cBologna).$0(OLS)http://pul/name/15045 245 13$aLa Sindone scienza e fede :$batti del II Convegno Nazionale di Sindologia. Bologna, 27-29 novembre 1981 /$ca cura di Lamberto Coppini e Francesco Cavazzuti. 260 $aBologna :$bCLUEB,$ccopyr. 1983. 300 $axii, 482 p., c. di tav. :$bill., tav. (pt. color.) ;$c24 cm 650 4$aSanta Sindone$xCongressi.$0(OLS)http://pul/subject/5172 700 1 $aCavazzuti, Francesco.$0(OLS)http://pul/name/15047 700 1 $aCoppini, Lamberto.$0(OLS)http://pul/name/15046 850 $aPUL 852 $aPUL$W1$xSL Religione 1$y3$m9 F 64$j23324$nBK-PRI$b $qStampati$B23324$CPULBib$Z2$F23324 $H $81 941 1 $a8 961 $aINV: 68415 996 $6245$aLa Sindone scienza e fede :$batti del II Convegno Nazionale di Sindologia. Bologna, 27-29 novembre 1981$9(OLS)http://pul/title/23645 996 $6260$aBologna :$bCLUEB$9(OLS)http://pul/publisher/48133 LEADER 01848nam a2200385 a 4500 001 000000169009 003 CaOOAMICUS 005 20180725101027.0 008 180725s2018 it u000 u ita r 020 $z978-88-9317-664-4* 032 $aLibriCat 040 $aPUL$bita 110 1 $aItalia.$0(OLS)http://pul/name/1188 240 10$aCodice di procedura penale (2018).$0(OLS)http://pul/title/209541 245 10$aCodice di procedura penale e il processo penale minorile commentati con la giurisprudenza /$ca cura di Piermaria Corso. 250 $a42. ed. 260 $aPiacenza :$bLa Tribuna,$cİ2018. 300 $a2397 p. ;$c21 cm. 490 1 $aI codici commentati con la giurisprudenza 2018 500 $aContiene indici. 500 $aTesto su due colonne. 500 $aSulla cop.: con le riforme della Riserva di codice (D.L.vo 1/3/2018, n. 21) e delle impugnazioni (D.L.vo 6/2/2018, n. 11). 630 04$aCodice di procedura penale$zItalia.$0(OLS)http://pul/subject/20312 650 4$aProcedura penale$zItalia.$0(OLS)http://pul/subject/12686 650 4$aDiritto minorile.$0(OLS)http://pul/subject/17921 650 4$aProcesso penale.$0(OLS)http://pul/subject/24333 700 1 $aCorso, Piermaria.$0(OLS)http://pul/name/35334 830 2$aI codici commentati con la giurisprudenza.$0(OLS)http://pul/title/135813 850 $aPUL 852 $aPUL$W1$xDP2 Diritto e Scienze Sociali 3$y110$m348. 45 COD 3.2.80$j192306$qDDC 21$B196970$CPULBib$Z2$F196970 $H131235 $81 941 1 $a9 996 $6020$z978-88-9317-664-4*$9(OLS)http://pul/number/164635 996 $6245$aCodice di procedura penale e il processo penale minorile commentati con la giurisprudenza$9(OLS)http://pul/title/139634 996 $6260$aPiacenza :$bLa Tribuna$9(OLS)http://pul/publisher/69734